000 00526nam a2200181Ia 4500
008 090123s9999 xx 000 0 und d
082 _b12139
100 _aअहुजा आकाश
245 _aआवारा आंचल
250 _a1
260 _bस्वर पॉकेट बुक्स
_c1986
300 _a207
600 _aअहुजा आकाश
630 _aआवारा आंचल
700 _aअहुजा आकाश
730 _aआवारा आंचल
942 _cBOOK
999 _c50201
_d50201